ბათუმის შოთა რუსთაველის სახელმწიფო უნივერსიტეტის ბიბლიოთეკა

მეღვინეობა : (ბიბ.ჩანაწერი № 46259)

000 -ლიდერი
ფიქსირებული სიგრძის საკონტროლო ველი 01251nam a2200253Ia 4500
001 - საკონტროლო ნომერი
საკონტროლო ველი 13093
003 - საკონტროლო ნომრის იდენტიფიკატორი
საკონტროლო ველი GE_BSU
005 - ბოლო ოპერაციის თარიღი და დრო
საკონტროლო ველი 20240820131121.0
008 - ფიქსირებული სიგრძის მონაცემთა ელემენტები - ზოგადი ინფორმაცია
ფიქსირებული სიგრძის საკონტროლო ველი 181216s2013||||ge |||||||||||||| ||geo||
020 ## - წიგნის საერთაშორისო სტანდარტული ნომერი
International Standard Book Number 9789941442292
040 ## - კატალოგიზაციის წყარო
Transcribing agency GE_BSU
041 ## - ენის კოდი
Language code of text/sound track or separate title geo
080 ## - უნივერსალური ათობითი კლასიფიკაციის ინდექსი
Universal Decimal Classification number 663.2(075.8) ჩ-71
100 ## - მთავარი ჩანაწერი - პიროვნების სახელი
Personal name ჩიჩუა, დ.
9 (RLIN) 23090
245 ## - ცნობა სათაურის შესახებ
Title მეღვინეობა :
Remainder of title სახელმძღვანელო /
Statement of responsibility, etc დ. ჩიჩუა, ზ. კიკნაველიძე.
264 ## - წარმოების, გამოცემის, დისტრიბუციის და სხვა ცნობები
გამოცემის, წარმოების, დისტრიბუციის... ადგილი თბილისი :
გამოცემის, წარმოების, დისტრიბუციის... სახელწოდება საუნჯე,
გამოცემის, წარმოების, დისტრიბუციის... თარიღი 2013.
300 ## - ფიზიკური აღწერა
Extent 182 გვ. ;
Dimensions 29სმ.
500 ## - ზოგადი შენიშვნა
General note გამოც.გაეროს განვით.პროგრ.(UNOP) მიერ შვეიცარიის განვითარების და თანამშრომლობის სააგენტოს და გაეროს განვით.პროგრ. ფინანს.დახმარ.
500 ## - ზოგადი შენიშვნა
General note საგნობრივი საძიებელი : გვ.180
653 ## - INDEX TERM--UNCONTROLLED
Uncontrolled term მეღვინეობა
653 ## - INDEX TERM--UNCONTROLLED
Uncontrolled term სახელმძღვანელო
700 ## - ADDED ENTRY--PERSONAL NAME
Personal name კიკნაველიძე, ზ.
Relator term ავტორი
9 (RLIN) 23091
942 ## - ADDED ENTRY ELEMENTS (KOHA)
Koha item type წიგნი
Source of classification or shelving scheme
ეგზემპლარები
ჩამოწერის სტატუსი დაკარგული ეგზემპლარის სტატუსი კლასიფიკაციის წყარო ან თაროზე გაწყობის სქემა დაზიანების სტატუსი არ გაიცემა მუდმივი მდებარეობა (დაცვის ადგილი) ამჟამინდელი ადგილსამყოფელი თაროზე განთავსების ადგილი შეძენის თარიღი სრული შენახვის შიფრი შტრიხკოდი ბოლო ოპერაციის თარიღი ეგზემპლარის მიმდევრობითი ნომერი (კეტერი?) ფასის ძალაში შესვლის თარიღი ეგზემპლარის სახეობა
          ბათუმის შოთა რუსთაველის სახელმწიფო უნივერსიტეტის მთავარი ბიბლიოთეკა ბათუმის შოთა რუსთაველის სახელმწიფო უნივერსიტეტის მთავარი ბიბლიოთეკა წიგნსაცავი 2018-12-17 663.2(075.8) ჩ-71 27179 2018-12-17 27179 2018-12-17 წიგნი